000 01139cab a22002175a 4500
001 L159161
008 120920e20150908xxk 000 0 eng d
035 _a(Sirsi) u159161
041 0 _aeng
100 1 _aDennis, Sarah
245 0 4 _aThe CN top 100 contractors
_b2015
260 _c2015
490 _aConstruction News
_vsupplement 4 September 2015, 1-54(54)
520 _aThis Construction News supplement covers review of the year, a list of the top 100 contractors, profit margins, employment, mergers and acquisitions, regional outlook, top 20 housebuilders, top 10 specialist contractors, top 10 engineering consultants, top 10 QS consultants and project managers, top 10 housebuilders, top 10 steel specialists, top 10 scaffolding specialists, top 10 mechanical and electrical specialists, top 10 ground engineering specialists, top 10 demolition specialists, top 10 concrete specialists, top 10 building envelope specialists, sector outlook, profits, remuneration.
590 _aKA
650 2 4 _aRANKINGS
650 2 4 _aLEAGUE TABLES
651 4 _aUnited Kingdom
_y
690 _aConstruction management
_96230
942 _n0
999 _c84814
_d84814